Movies Quiz

Random Movies or Disney Quiz

Disney Movies released during Walt's life Quiz Stats

Quiz not verified by Sporcle

Challenge
Share
Tweet
Embed
Score 0/81 Timer 20:00
0 Plays Today
Year Film % Correct
December 21, 1937Snow White and the Seven Dwarfs
97.7%
February 7, 1940Pinocchio
90.7%
November 13, 1940Fantasia
88.4%
October 23, 1941Dumbo
86%
February 15, 1950Cinderella
83.7%
August 29, 1964Mary Poppins
83.7%
January 29, 1959Sleeping Beauty
81.4%
February 5, 1953Peter Pan
76.7%
August 13, 1942Bambi
74.4%
January 25, 1961One Hundred and One Dalmatians
69.8%
November 12, 1946Song of the South
67.4%
July 28, 1951Alice in Wonderland
67.4%
September 27, 1947Fun and Fancy Free
65.1%
June 22, 1955Lady and the Tramp
65.1%
December 25, 1957Old Yeller
65.1%
December 25, 1963The Sword in the Stone
62.8%
February 3, 1945The Three Caballeros
60.5%
February 6, 1943Saludos Amigos
58.1%
August 15, 1946Make Mine Music
55.8%
May 27, 1948Melody Time
55.8%
June 21, 1961The Parent Trap
51.2%
October 5, 1949The Adventures of Ichabod and Mr. Toad
48.8%
June 26, 1952The Story of Robin Hood and His Merrie Men
46.5%
December 23, 195420,000 Leagues Under the Sea
46.5%
December 21, 1960Swiss Family Robinson
46.5%
June 20, 1941The Reluctant Dragon
44.2%
March 16, 1961The Absent-Minded Professor
44.2%
Year Film % Correct
July 7, 1963Summer Magic
41.9%
December 2, 1965That Darn Cat!
41.9%
July 29, 1950Treasure Island
39.5%
March 19, 1959The Shaggy Dog
39.5%
May 19, 1960Pollyanna
39.5%
May 25, 1955Davy Crockett, King of the Wild Frontier
34.9%
January 19, 1949So Dear to My Heart
32.6%
June 26, 1959Darby O'Gill and the Little People
32.6%
December 14, 1961Babes in Toyland
32.6%
June 8, 1956The Great Locomotive Chase
23.3%
February 24, 1960Kidnapped
23.3%
January 16, 1963Son of Flubber
23.3%
July 17, 1943Victory Through Air Power
20.9%
July 23, 1953The Sword and the Rose
20.9%
February 27, 1954Rob Roy, the Highland Rogue
20.9%
July 18, 1956Davy Crockett and the River Pirates
20.9%
December 21, 1962In Search of the Castaways
20.9%
July 8, 1964The Moon-Spinners
20.9%
June 6, 1962Big Red
18.6%
November 20, 1963The Incredible Journey
18.6%
March 12, 1964A Tiger Walks
18.6%
August 18, 1965The Monkey's Uncle
18.6%
February 16, 1966The Ugly Dachshund
18.6%
December 22, 1955The Littlest Outlaw
16.3%
August 28, 1957Perri
16.3%
June 4, 1964The Three Lives of Thomasina
16.3%
June 19, 1957Johnny Tremain
14%
Year Film % Correct
December 25, 1958Tonka
14%
June 11, 1960The Sign of Zorro
14%
December 1, 1966Follow Me, Boys!
14%
September 14, 1955The African Lion
11.6%
August 12, 1958White Wilderness
11.6%
July 8, 1958The Light in the Forest
9.3%
January 21, 1960Toby Tyler
9.3%
July 17, 1961Greyfriars Bobby
9.3%
May 17, 1962Bon Voyage!
9.3%
November 7, 1962The Legend of Lobo
9.3%
March 29, 1963Miracle of the White Stallions
9.3%
June 1, 1963Savage Sam
9.3%
December 18, 1964Emil and the Detectives
9.3%
January 28, 1965Those Calloways
9.3%
November 10, 1953The Living Desert
7%
August 16, 1954The Vanishing Prairie
7%
November 6, 1956Secrets of Life
7%
December 20, 1956Westward Ho, the Wagons!
7%
November 10, 1959Third Man on the Mountain
7%
December 16, 1959Jungle Cat
7%
November 1, 1960Ten Who Dared
7%
July 12, 1961Nikki, Wild Dog of the North
7%
April 5, 1962Moon Pilot
7%
September 26, 1962Almost Angels
7%
March 25, 1964The Misadventures of Merlin Jones
7%
July 29, 1966Lt. Robin Crusoe, U.S.N.
7%
October 1, 1966The Fighting Prince of Donegal
7%

You're not logged in!

Compare scores with friends on all Sporcle quizzes.
Join for Free
OR
Log In

You Might Also Like...

Show Comments

Extras

Top Quizzes Today


Score Distribution

Your Account Isn't Verified!

In order to create a playlist on Sporcle, you need to verify the email address you used during registration. Go to your Sporcle Settings to finish the process.

Report this User

Report this user for behavior that violates our Community Guidelines.

Details: